1321 1741 1476 1738 1292 1625 1706 1567 1862 1027 1749 1409 1785 1884 1813 1495 1529 1544 1360 1436 1314 1590 1433 1335 1063 1879 1224 1454 1816 1280 1400 1763 1011 1935 1589 1024 1433 1925 1772 1160 1621 1648 1327 1854 1440 1771 1910 1769 1842 1292 1074 1334 1932 1373 1517 1539 1574 1984 1288 1043 1972 1568 1349 1801 1040 1620 1411 1623 1212 1045 1531 1868 1770 1005 1689 1788 1864 1540 1692 1403 1435 1848 1978 1188 1467 1919 1817 1101 1638 1646 1156 1987 1789 1233 1868 1213 1659 1149 1532 BCNSPRNW ULIB Ver.6.0+V

เปลี่ยนเป็นภาษาไทย

Change to English
 แสดงรายละเอียดบรรณานุกรม
  กลับหน้าหลัก

Brief Record : Get Marc (ISO 2709) : E-mail record : QR code < ปิดหน้าต่าง
LEADER : 00000nam 2200000uu 4500
001    13399114517
003     ULIB
008    120411s2552||||th 000 0 tha d
020    ^a9786167190105
090    ^aนว.^bป475ท
100 0  ^aปรุฬห์
245 00 ^aทัณฑ์ซาตาน /^cปรุฬห์
250    ^aพิมพ์ครั้งที่ 1
260    ^aกรุงเทพฯ :^bอินเลิฟ,^c2552
300    ^a280 หน้า
710 1  ^aอินเลิฟ
945    ^p189^l0^i16425
995    ^aกัณชพร
999 ^a ใช้งานได้ทุกระบบ
รายการนี้ยังไม่มีแท็ก
คุณยังไม่ได้ล็อกอิน คุณสามารถมีกิจกรรมร่วมกับเว็บไซต์ได้ แต่ต้องล็อกอินก่อน ::
  ล็อกอิน

รายการสื่อสารสนเทศ

ลำดับที่ ประเภท เลขเรียก/บาร์โค้ด สถานที่ สถานะ
1. นวนิยาย
นวนิยาย
นว. ป475ท  
  Barcode: 16425
ห้องสมุดวิทยาเขตสวรรค์ประชารักษ์
►นวนิยาย
ถูกยืม กำหนดส่งวันที่ 16 ธันวาคม 2559
  จอง

BibComment


ยังไม่เคยถูกคอมเมนท์

คอมเมนท์ทรัพยากรรายการนี้
  คอมเมนท์: ทัณฑ์ซาตาน ปรุฬห์


 Copyright 2026. Bcnsprnw @Library